[Event "Hastings 0304 79th"]
[Site "Hastings"]
[Date "2003.12.31"]
[Round "4"]
[White "Rowson, Jonathan"]
[Black "Gormally, Daniel"]
[Result "1-0"]
[WhiteElo "2541"]
[BlackElo "2471"]
[Annotator "Rowson,J"]
[PlyCount "103"]
[EventDate "2003.12.28"]
[EventType "tourn"]
[EventRounds "9"]
[EventCountry "ENG"]
[EventCategory "13"]
[SourceTitle "CBM 099"]
[Source "ChessBase"]
[SourceDate "2004.03.30"]
[SourceVersion "1"]
[SourceVersionDate "2004.03.30"]
[SourceQuality "1"]

1. e4 e5 2. Nf3 Nc6 3. Bb5 a6 4. Bxc6 dxc6 5. O-O f6 6. d4 exd4 7. Nxd4 c5 8.
Ne2 Qxd1 9. Rxd1 Bd7 10. Nbc3 O-O-O 11. Be3 b6 $6 {[#] Sometimes it can help
to be unfamiliar with a line. This move has been ventured by Korneev and Adams
but I knew only of Re8 followed by ...b6 so I started to look for the
difference.} (11... Re8 12. Rd2 b6 {is seen more often.}) 12. a4 $5 {A
challenging move. The main point is that after} a5 $6 {I was pleased to see
this move which makes Black's pawns rather rigid. This turned out to be
crucial in the resulting bishop ending.} (12... Re8 13. a5 Kb7 {Black's bishop
on d7 is hanging which means that Black has to be willing to play b5.} (13...
b5 $5 {Now I suspect Black is ok here, but he needs to be ready for something
like} 14. Nf4 {intending Nd3-c5} c4 15. b3 $5 {When the position looks rather
messy and perhaps quite dangerous for Black in view of white's lead in
development.} b4 16. Ncd5 Rxe4 17. f3 Re8 18. bxc4 Bf5 19. Nd3 c6 20. Nb6+ Kc7
21. Kf2 {I prefer White here for example but this example may not indicative
of best play.})) 13. Rd2 Bd6 (13... Ne7 14. Rad1 Ng6 15. Nb5 {is dire for
Black and shows why provoking a5 was worthwhile.}) 14. Rad1 (14. Bf4 {would be
standard here but this allows} Bxf4 15. Nxf4 Nh6 $5 {which has a sophistaced
defensive feel to it, even though it probably doesn't change the fact that
White is much better.}) 14... Bc6 $5 (14... Ne7 15. Bf4 Bxf4 16. Nxf4 Ng6 17.
Nh5 Rhg8 {leaves White clearly better.}) 15. Bf4 Be7 16. Nd5 Bxd5 17. Rxd5 (17.
exd5 $6 Bd6 18. Bxd6 Rxd6 (18... cxd6 19. Nf4) 19. Nc3 Nh6 20. Nb5 Rd7 21. d6
c6) 17... Rxd5 18. Rxd5 (18. exd5 Kd7 $1) 18... Bd8 {Now, as often happens,
when a tense position stabilizes, I play a couple of inaccurate moves.} 19. Nc3
$6 {[#] This is an "echo" move. Given that Black can play c6 fairly easily,
the knight does little here. However, part of me hadn't caught up with the
fact that a pair of rooks and minor pieces had been exchanged and still
thought that I should be trying to attack his king. Now, however, the key is
to organise my pieces and advance on the kingside.} (19. f3 $1 $16) 19... Ne7
20. Rd2 {Again sloppy. There is no need to protect c2 and the recurring threat
of a knight landing on c4 with tempo is a pain.} (20. Rd1) 20... Ng6 21. Bg3 h5
$1 {With a bit of help from me, Danny has brought the position back from
clearly worse to slightly worse and now I have a difficult decision to make.}
22. h4 {I didn't want to fix a pawn on a dark square, but the alternative
seems to give Black too much activity} (22. h3 h4 23. Bh2 c6 $1 {When Rd6 is
not dangerous and my pawns are rather stifled.}) 22... Rf8 $5 {At first I
thought this was very strong, but now it looks like Danny was too impatient to
equalise immediately.} (22... c6 $5 23. f3 Bc7 24. Kf2 {Black's drawing
chances are probably higher than White's winning chances.}) 23. Rd5 f5 24. Rxf5
Rxf5 25. exf5 Ne7 (25... Nxh4 26. Bxh4 Bxh4 27. b3 $3 {This is an important
move which I found after analysing the game with John Shaw and Colin McNab.
White wants to play Ne4 and c4 to keep the Black king at bay and then
gradually advance the kingside pawns but this is the only way to ensure that
Black doesn't get serious coumterplay.} (27. Ne4 c4 $1 28. c3 (28. Nd2 c3 $1
29. bxc3 b5 $1 30. axb5 Bf6 {probably causes enough trouble to draw.}) 28...
Kd7 29. Nd2 Kd6 30. Nxc4+ Kd5 {and Black is probably better due to the
relative activity of the kings.})) 26. f6 $1 gxf6 27. Ne2 Ng6 $6 {Black's
position is difficult, but I think Danny should have taken more time here
because he is not forced to play the bishop ending.} (27... Nf5 28. Nf4 Ng7 {
looks very passive but probably gives Black better chances to hold.}) 28. Nf4
$1 Nxf4 29. Bxf4 Kd7 (29... f5 30. Bg5) 30. f3 Ke6 {Obviously Black would like
to play c4 is possible, if only to prevent my position from becoming
dangerously pretty, but time is not on Black's side, and that approach has its
own dangers.} (30... c4 31. g4 Ke6 32. gxh5 c6 33. h6 Kf7 34. Kf2 b5 35. Ke3
Bb6+ 36. Ke4 {and even though Black can threaten mate, White is winning due to
the activity of his king.} Ke6 (36... Kg6 37. h5+ $1) 37. Be3 $1) 31. c4 $1 f5
32. g3 c6 {[#]} 33. Kg2 $6 (33. b3 $5 {might have been more precise because it
probably prevents b5 and thus makes the technical task easier. However, at
this stage I was just trying to reach the time control, and didn't want to
sharpen the position.} b5 34. axb5 cxb5 35. cxb5 Kd5 36. g4 fxg4 37. fxg4 hxg4
38. h5 c4 39. bxc4+ Kxc4 40. h6 Kd5 (40... Kxb5 41. Be5) 41. Bd2 $1) 33... b5
34. b3 $1 {I was tempted to take, because I thought it might be difficult to
win the ending without the b6 pawn being weak, but with the time control
approaching I played it safe, and this was the right decision.} (34. axb5 cxb5
35. cxb5 a4 36. g4 fxg4 37. fxg4 hxg4 38. h5 Kd5 39. b6 Kc6 40. Be5 Bg5 41. Bg7
Kxb6 42. h6 Bxh6 43. Bxh6 a3 44. bxa3 Ka7 $1 {and it's still a joy that Fritz
doesn't know this is a draw.}) 34... bxc4 35. bxc4 Bf6 36. Bd2 Bd8 37. Bc3 Bc7
38. Kh3 Kf7 39. Bd2 Kg6 40. Be3 Bd6 41. Bg5 {You might expect me to tell you
the winning plan that I came up with here, but in my experience plans rarely
come seamlessly to fruition so I prefer to take one thing at a time. In this
respect putting my bishop on d8 and playing g4 didn't seem to harm anything.}
Be5 42. Be7 Bd4 43. Bd8 Bc3 44. Bb6 Bb4 45. g4 {Black would rather not
exchange f-pawns because it gives my king the e4 square but something has to
give and the c5 pawn doesn't seem particularly important.} Bc3 (45... fxg4+ 46.
fxg4 Kh6 47. Kg3 $1 Be1+ 48. Kf3 Bxh4 49. Bxa5 {The problem for Black is that
losing the a-pawn is catastrophic.}) 46. Bxc5 Be1 {Now I needed an idea
because obviously I have to activate my king. I decided to put the bishop on
d8, take on h5, and come with my king to d3. Then Black cannot take on h4 or
prevent Kd4-c5 without losing his a-pawn.} 47. Bd6 Bc3 48. Bc7 fxg4+ 49. fxg4
Be1 50. Bd8 Kh6 51. Be7 Kg6 52. Bg5 {It is pleasant to end the game with
Zugzwang. White keeps the extra pawn and the king now heads to the queenside.}
1-0

[Event "Kerteminde"]
[Site "Kerteminde"]
[Date "1991.??.??"]
[Round "5"]
[White "Berg, Klaus"]
[Black "Shirov, Alexei"]
[Result "0-1"]
[WhiteElo "2420"]
[BlackElo "2615"]
[Annotator "Schussler,H"]
[PlyCount "118"]
[EventDate "1991.02.??"]
[EventType "tourn"]
[EventRounds "9"]
[EventCountry "DEN"]
[EventCategory "10"]
[SourceTitle "CBM 023"]
[Source "ChessBase"]
[SourceDate "1991.08.01"]
[SourceVersion "1"]
[SourceVersionDate "1991.08.01"]
[SourceQuality "1"]

1. e4 e5 2. Nf3 Nc6 3. Bb5 a6 4. Bxc6 dxc6 5. O-O f6 6. d4 Bg4 7. dxe5 Qxd1 8.
Rxd1 Bxf3 (8... fxe5 9. Rd3 Bd6 10. Nbd2) 9. gxf3 fxe5 10. f4 $5 Nf6 11. Nc3
Bd6 12. f3 {Better is 12.fxe5.} exf4 13. e5 Bc5+ 14. Kg2 Nh5 15. Ne4 Be7 16.
Kh3 Rf8 17. Kg4 g6 18. b3 Rd8 19. Re1 Rf5 20. Bb2 Ng7 21. h4 Ne6 $17 22. Re2
Kf7 23. Rh1 h5+ 24. Kh3 Nd4 25. Bxd4 Rxd4 26. Rg1 Rxe5 27. Ng5+ Kf6 28. Rxe5
Kxe5 29. Re1+ Kd6 30. Re6+ Kd7 31. Rxg6 Rd2 32. Rh6 Rxc2 33. Rxh5 Rxa2 34. Rh7
Ra1 35. Kg4 a5 36. Kxf4 b5 $19 37. h5 a4 38. bxa4 bxa4 39. Ne4 a3 40. Nc5+ Kd6
41. Ne4+ Ke6 42. Rh8 Rh1 43. Ra8 Rxh5 44. Ra6 Kd7 45. Ke3 Rh2 46. Kd3 Rh3 47.
Kc4 Rxf3 48. Nc5+ Ke8 49. Nd3 Rf1 50. Ne5 Rc1+ 51. Kd3 Bb4 52. Ke4 Bd6 53. Nd3
Rc2 54. Ke3 Kd7 55. Ne1 Rh2 56. Kd3 Bb4 57. Nf3 Rh3 58. Ke4 c5 59. Ne5+ Kc8 0-1

[Event "Vienna op"]
[Site "Vienna"]
[Date "1990.??.??"]
[Round "7"]
[White "Wittmann, Walter"]
[Black "Ciolac, Gheorghe"]
[Result "0-1"]
[WhiteElo "2410"]
[BlackElo "2340"]
[Annotator "Schussler,H"]
[PlyCount "126"]
[EventDate "1990.10.??"]
[EventType "swiss"]
[EventRounds "9"]
[EventCountry "AUT"]
[SourceTitle "CBM 021"]
[Source "ChessBase"]
[SourceDate "1991.04.01"]
[SourceVersion "1"]
[SourceVersionDate "1991.04.01"]
[SourceQuality "1"]

1. e4 e5 2. Nf3 Nc6 3. Bb5 a6 4. Bxc6 dxc6 5. O-O f6 6. d4 exd4 7. Nxd4 c5 8.
Ne2 Qxd1 9. Rxd1 Bd7 10. Bf4 {10.Le3 is more common.} O-O-O 11. c4 $5 {
Blocking the Queenside, but exposing c4 for a later attack.} g5 12. Bg3 Ne7 13.
Nbc3 Bg7 14. h4 h6 15. f4 Bg4 16. f5 Nc6 17. Bf2 b6 18. Kf1 Rhe8 19. Rxd8+ Rxd8
20. Rd1 Re8 21. b3 Bh5 22. Rd2 Ne5 23. Bg3 Bf7 24. Ng1 Bh5 25. Nge2 Ng4 26. Ng1
Ne3+ 27. Kf2 Ng4+ 28. Kf1 Bf8 29. Nf3 Be7 30. Rd3 Bd8 31. Nd2 Bf7 32. Ke2 Rg8
33. Nf3 Re8 34. Nd2 Bh5 35. Kf1 Rf8 36. Nf3 Be8 37. Nh2 Nxh2+ 38. Bxh2 b5 39.
Nd5 Bf7 40. Bg1 c6 41. Bxc5 Re8 42. Ne3 bxc4 43. Nxc4 Bxc4 44. bxc4 Rxe4 45.
hxg5 hxg5 46. Bd4 Rf4+ 47. Ke2 Rxf5 48. Ra3 Rf4 49. Be3 Rxc4 50. Rxa6 Kd7 51.
a4 Rc2+ 52. Kf3 f5 53. g4 f4 54. Bb6 Bxb6 55. Rxb6 Rc5 56. Rb7+ Ke6 57. Ra7
Rc3+ 58. Kf2 Rc2+ 59. Kf3 Rc3+ 60. Kf2 Rg3 61. a5 Rxg4 62. a6 Rg3 63. Rg7 Kf5
0-1

[Event "FRA-ch"]
[Site "Montpellier"]
[Date "1991.??.??"]
[Round "?"]
[White "Santo Roman, Marc"]
[Black "Hauchard, Arnaud"]
[Result "1-0"]
[WhiteElo "2485"]
[BlackElo "2435"]
[Annotator "Schussler,H"]
[PlyCount "77"]
[EventDate "1991.08.??"]
[EventType "tourn"]
[EventRounds "15"]
[EventCountry "FRA"]
[EventCategory "8"]
[SourceTitle "CBM 027"]
[Source "ChessBase"]
[SourceDate "1992.04.01"]
[SourceVersion "1"]
[SourceVersionDate "1992.04.01"]
[SourceQuality "1"]

1. e4 e5 2. Nf3 Nc6 3. Bb5 a6 4. Bxc6 dxc6 5. O-O f6 6. d4 Bg4 (6... exd4 7.
Nxd4 c5 8. Nb3 Qxd1 9. Rxd1 Bg4 10. f3 Be6 11. Bf4 c4 12. Nd4 O-O-O 13. Nc3
Rxd4 $5 14. Rxd4 Bc5 15. Be3 Bxd4 16. Bxd4 $14 {Santo Roman,M-Miralles,G (CBM
27 game 318).}) 7. c3 exd4 8. cxd4 Bxf3 9. Qxf3 Qxd4 10. Rd1 Qc4 11. Bf4 Qf7
12. Na3 $5 {12.Qg3 is considered good for White since Volchok-Krestjanskij,
Soviet Union 1970.} Bc5 13. Rac1 Bb6 14. Nc4 Ne7 15. Qb3 Ng6 16. Bg3 Ne5 17.
Bxe5 fxe5 18. Qxb6 $1 $18 cxb6 19. Nd6+ Ke7 20. Nxf7 Kxf7 21. Rd7+ Kf6 22. Rxb7
b5 23. Rxc6+ Kg5 24. g3 g6 25. Re7 Rae8 26. Rxe8 Rxe8 27. Rxa6 b4 28. Ra4 Rb8
29. Kg2 Rb7 30. h4+ Kf6 31. Kf3 Ke6 32. Ke3 Rb6 33. Kd3 Rd6+ 34. Kc2 Rd4 35. f3
Rc4+ 36. Kb3 Rd4 37. Rxb4 Rd3+ 38. Kc4 Rxf3 39. Rb3 1-0

[Event "Tilburg Fontys"]
[Site "Tilburg"]
[Date "1996.10.23"]
[Round "11"]
[White "Shirov, Alexei"]
[Black "Adams, Michael"]
[Result "1-0"]
[WhiteElo "2685"]
[BlackElo "2685"]
[Annotator "Shirov,A"]
[PlyCount "121"]
[EventDate "1996.10.11"]
[EventType "tourn"]
[EventRounds "11"]
[EventCountry "NED"]
[EventCategory "16"]
[SourceTitle "CBM 056"]
[Source "ChessBase"]
[SourceDate "1997.02.01"]
[SourceVersion "1"]
[SourceVersionDate "1997.02.01"]
[SourceQuality "1"]

{Wedberg: Shirov proves that he is one of the most imaginative chessplayers in
the world right now with this game. The way he handles the R-ending is pure
vintage Shirov. Adams opening novelty (probably a good one) is somewhat
overshadowed by his opponents brilliant play.} 1. e4 {Wedberg} e5 2. Nf3 Nc6 3.
Bb5 a6 4. Bxc6 {Not exactly a new opening in my repertoire, as I used to play
it from time to time more than ten years ago. But, of course, now I had to
study it all over again.} dxc6 5. O-O f6 6. d4 exd4 7. Nxd4 c5 8. Nb3 Qxd1 9.
Rxd1 Bg4 10. f3 Bd7 11. Nc3 O-O-O {All this could be easily expected from
Michael since he plays this line against the exchange variation regularly.
During my preparation I also suspected that he would go for a known ending
where Black obtains an excellent compensation for the pawn. Still I wasn't
sure whether it would be such a draw and I decided that once I should try it.}
12. Bf4 c4 13. Na5 (13. Nd2 $6 {Wedberg} Bc5+ 14. Kh1 Be6 15. Nf1 Ne7 16. Be3
Bd6 17. Ng3 h5 $17 {0-1 Burgos,C-Korneev,O/Badalona op 1995 (34)}) (13. Nd4 {
Wedberg} Ne7 14. Rd2 Ng6 15. Be3 Bd6 16. Rad1 Rhe8 17. Kf2 h5 $15 {Kotronias,
V-Adams,M/Chalkidiki/1993}) 13... Bc5+ 14. Kf1 (14. Kh1 {is a different story
according to Jan Timman's commentaries on his game against Adams (Belgrade
1996, see NIC magazine No.1 of 1996) I should mention that in the same sourse
Timman indicated 21...Rd6! which later on occured in the present game. I
didn't notice this remark in time, maybe because after reading Short's notes
on his game against Timman (No.8 of 1995) I got a feeling that NIC was somehow
more for entertainment rather than for reading chess annotations, even though
Nigel did enrich my vocabulary.}) 14... b5 (14... Bb4 {Wedberg} 15. Bxc7 $1
Kxc7 16. Nd5+ Kb8 17. Nxb4 $16 {1-0 Rausis,I-Zude,A/BL2-SW 1991 (32)}) 15. Nd5
Ne7 $1 (15... c6 16. b4 $1 {was the way Timman brilliantly beat Adams in
above-mentioned game and no wonder that Michael doesn't enter it anymore.} (16.
b4 {Wedberg} Ba7 17. Nc7 Bb8 18. Ne6 Bxf4 19. Nxc6 $1 Re8 20. Na7+ Kb8 21. Nxf4
Re7 22. Nd5 Re8 (22... Re6 23. Nb6 Be8 24. Nbc8 $1 Nh6 25. Rd5 Nf7 26. Rad1 $16
{1-0 Nielsen,P-Dutreeuw,M/32nd ol, Yerevan ARM 1996 (55)}) 23. Nf4 Re7 24. Nd5
Re8 25. Nb6 Be6 26. Nc6+ Kc7 27. Nd4 Kxb6 28. Nxe6 Rxe6 29. Rd8 $36 {1-0
Timman,J-Adams,M/Belgrade Invest 1995 (35)})) 16. Bxc7 Nxd5 17. Rxd5 Kxc7 18.
Rxc5+ Kb6 19. b4 cxb3 20. Nxb3 {[#] It is enough to have a look at the
position to see that Black should not lose. However he still faces some small
practical difficulties.} Be6 {The other way would be} (20... a5 21. Rc3 b4 22.
Re3 Bb5+ $44) 21. Rc3 Rd6 $1 $146 {This is the Timman's suggestion. Otherwise
things are not that smoothly for Black, for example Wedberg: Black seems to
have enough for the P in this line. Adams novelty is a step in the right
direction.} (21... a5 22. a4 b4 23. Rc5 Bxb3 24. Rb5+ Ka6 25. cxb3 $16 {
1-0 Kelleher,W-Adams,M/New York Open (1) sp 96/5 1996 (29)}) (21... b4 22. Re3
Rc8 23. Nd4 Bc4+ 24. Ke1 Rhd8 25. Ne2 $14 {1-0 Benjamin,J-Ivanov,AV/USA-ch (08)
;CBM 39 1993 (61)} (25. Ne2 {Wedberg} Bb5 26. Rc1 $14 {Benjamin,J-Ivanov,A/
USA-ch 1993/1-0 (61)})) (21... Rc8 22. Rxc8 Rxc8 23. Nd4 $14) 22. a4 {I saw no
other way to get winning chances. With the text I am at least trying to change
my isolated pawn for his good one, hoping that one day the b5 pawn might also
become a kind of weakness.} Bc4+ $1 23. Kf2 (23. Ke1 Rhd8 {promises Black full
compensation.}) 23... Rc8 $1 24. axb5 axb5 25. Rb1 b4 26. Re3 Bxb3 $1 {Forcing
the drawn rook ending. My hope was to meet Wedberg: This looks like a drawing
simplification, but given what happens in the game Black could have played on
with his strong B.  ENDING} (26... Bb5 {with} 27. Na1 $1 $14 {and by attacking
his pawn get some winning chances, for example} Rd2+ 28. Kg3 Rc4 29. Rd3 $1
Rcxc2 30. Nxc2 Bxd3 31. Rxb4+ Kc5 32. Rd4 $16) (26... Ra8 $5 {Wedberg}) 27.
Rexb3 {Capturing it with the pawn leaves White no winning chances as after} (
27. cxb3 Rd2+ 28. Re2 (28. Kg3 $6 Rcc2 29. Rg1 Rc3) 28... Rxe2+ 29. Kxe2 Rc2+
30. Kf1 Rd2 $1 {Black is too active.}) 27... Rxc2+ 28. Ke3 {The position after}
(28. Kg3 Rdd2 29. Rxb4+ Kc7 30. Rb7+ Kc6 {seemed dead draw to me but the text
shouldn't be a great improvement either.}) 28... Rxg2 29. Rxb4+ Kc5 $6 {
Not yet an error, but somehow Black starts losing the right course. More
natural would be Wedberg: White has some pull due to his better K position.
The black K is under attack and in many situations White can attack the black
P:s with his K.} (29... Kc7 $142 30. Rb7+ Kd8 31. h4 Rd7 32. Rb8+ Ke7 $10) 30.
Rb7 {Threatening mate.} Ra6 31. R1b3 g5 $6 {Here I started thinking that I
might get some chances. Of course,} (31... Kd6 {would be an easy draw.}) 32. h4
h6 $2 {And now the chances become real. For my next move I spent more than
half an hour because I realised that I could already pose Black severe
difficulties to make draw. My main concern was whether I should change 'h'
pawns or keep them. Finally I preferred the second option because it seemed to
me that with three pawns on each side there are more winning ideas than with
two.   Instead of the text Black should probably have chosen} (32... g4 $1 {
and to avoid a forced draw White must then continue} 33. Kf4 $1 (33. Rxh7 Rg3
34. Kf4 Rxf3+ 35. Rxf3 gxf3 36. Kxf3 Kd6 37. Kf4 Ke6 $10) 33... gxf3 34. Rxf3 {
although it seems that Black's counterplay after} h5 $1 {is sufficient.}) 33.
Rd3 $1 {The most difficult move in the game with the idea to cut Black king
from his pawns} (33. hxg5 hxg5 34. Rd3 $1 {would yield White some practical
winning chances as well, that's why it was not easy to choose.}) 33... gxh4 $6
{Tempting but wrong as two remaining White pawns will now be a formidable
force.} (33... g4 {was still to be preferred although then White can make
dangerous threats with} 34. Rc7+ Kb4 35. Kf4 gxf3 36. Rxf3 {as Black king is
already cut.}) 34. Rc7+ Kb4 (34... Kb6 35. Rc1 {is very unpleasant for Black,
for example} h3 36. Rd6+ Ka7 37. Rxa6+ Kxa6 38. Rc6+ Kb7 39. Rxf6 h5 40. Rf5 $1
h4 41. Rh5 $18) 35. Rd1 $1 $16 {Now I can already state that White has a large
advantage. However things are not yet so clear.} Kb3 $1 {Black should now
avoid exchanging of one pair of rooks by whatever means, for example} (35... h3
36. Rb1+ Ka3 37. Ra1+ Ra2 38. Rxa2+ Kxa2 39. Rc5 $3 $18) 36. Rh1 f5 37. exf5 {
Here I was already in a light time-pressure and I am not sure whether} (37. e5
$5 {wouldn't be better thing to do. Of course, the text is less risky.}) 37...
Rg5 38. Rb7+ Kc2 $1 {Going to the right square.} (38... Ka2 39. Rh2+ Ka3 40.
Rb5 $1 {is probably winning for White, for instance} Ra4 41. Rhb2 Ra6 (41...
Ra5 42. R2b3+ Ka2 43. Rxa5+ Kxb3 44. Kf4 h3 45. Ra1 h2 46. Rh1 Rg2 47. f6 $18)
42. R5b3+ Ka4 43. Rb1 Rg1 44. Rxg1 Kxb3 45. Rg6 Ra5 46. Rxh6 Rxf5 47. Rxh4 $18)
39. Rh2+ Kc3 $2 {But this is the fatal error. After} (39... Kc1 {the position
is still full of fight although it seems to me that by placing his rooks and
king to the right squares e.g.} 40. Rc7+ (40. Rxh4 {Wedberg} Ra3+ $1 41. Ke2
Ra2+ 42. Kf1 Rxf5 $11) (40. Rh1+ Kc2 41. Rxh4 Ra3+ 42. Ke2 Rxf5 43. Rc4+ Rc3
$11) 40... Kb1 41. Rc5 Ra3+ 42. Ke4 Ra4+ 43. Ke5 Rg1 44. Rd5 $1 $16 {White
should win one day because the difference in king's position will pay off.})
40. Rbb2 {Now the game is over. Black loses his pride - the passed pawn and he
still can not move his king towards the centre. Wedberg: Threatening mate in
one! From this point on its difficult to find a good defence for Black. He
would like very much to get his K down to his backyard around g7, but Shirov
never lets the monarch return from excile.} Kc4 41. Rxh4+ Kc5 (41... Kd5 {
Wedberg} 42. Rd4+ Kc5 43. Rc2+ Kb5 44. Rd8 Kb4 45. Rb8+ Ka3 46. Rc1 Ka2 47. Rc5
$16) (41... Kc3 {Wedberg} 42. Rhh2 Kc4 43. Ke4 Kc5 44. Rh1 $16) 42. Rc2+ Kb5 {
A sad necessity as} (42... Kd5 {loses to} 43. Rd4+ Ke5 44. f4+) 43. Rh1 $6 (43.
Rf4 Rf6 44. Ke4 {would possibly be a better way to win but I missed that with
the text I lose one of my pawns in exchange of his.}) 43... Ra3+ 44. Kf4 Ra4+
45. Ke5 Ra5 $1 46. Rxh6 Kb4+ 47. Ke4 Rgxf5 48. Rb6+ Ka3 {Still the endgame
should be an easy win because White combines trying to exchange rooks, promote
his pawn and mate the enemy king. Too many things too resist. Wedberg: Now
White needs to exchange a pair of R:s to win easily.} 49. Rc3+ Ka2 (49... Ka4
50. f4 $18) 50. f4 Rf8 51. Rcb3 Rc5 $6 {This makes it quicker as now he can
not avoid the rook's exchange.} (51... Raf5 52. Rf3 {was also hopeless but}) (
51... Re8+ 52. Kf3 Re1 {would still require some technical accuracy from White.
I believe that the best way then is} 53. Rb2+ Ka1 54. Re2 Rf1+ 55. Rf2 Rg1 56.
Rb3 $18) 52. Rb2+ Ka3 53. Rb1 Ka2 (53... Rc4+ {Wedberg} 54. Kd3 Rfxf4 55. Ra1#)
54. R6b2+ Ka3 55. Rb5 Re8+ 56. Kd4 Rxb5 57. Rxb5 Ka4 58. Rb1 Rf8 59. Ke5 Re8+
60. Kd6 Rf8 61. Rf1 1-0